000 01267nam a2200373 i 4500
001 11861
003 KOSZ 005
005 20200810121855.0
008 080522s1965 pl ab f 000 0 pol
015 _aPB 1965/8878
040 _aWA N
_cWA N
_dKOSZ 005/RW
_dKOSZ 005/HR
046 _k1965
080 _a633(73)
080 _a631(73)
100 1 _aWójcicki, Zdzisław
_d(1930- )
_eAutor
245 1 0 _aMechanizacja uprawy ziemniaków w USA /
_cZdzisław Wójcicki.
260 _aWarszawa :
_bPaństwowe Wydawnictwo Rolnicze i Leśne,
_c1965.
300 _a121, [3] s. :
_bil., mapa ;
_c23 cm.
336 _2rdacontent
_aTekst
_btxt
337 _2rdamedia
_aBez urządzenia pośredniczącego
_bn
338 _2rdacarrier
_aWolumin
_bnc
380 _aKsiążki
388 _a1901-2000
388 _a1945-1989
504 _aBibliogr. s. 121-[122].
650 7 _aZiemniaki
650 7 _aUprawa roślin
650 7 _aMechanizacja rolnictwa
651 7 _aStany Zjednoczone (USA)
658 _aRolnictwo i leśnictwo
710 2 _aPaństwowe Wydawnictwo Rolnicze i Leśne
_4pbl.
856 _uhttp://koha.tu.koszalin.pl/cgi-bin/koha/opac-detail.pl?biblionumber=11861
_yKatalog online BPK
942 _2UKD
_cKS
999 _c11861
_d11861